000 00228nam a2200097Ia 4500
008 230915s9999 xx 000 0 und d
050 _aHQ76.3.U5 W55 1999
100 _aWILLIAMS ,MARY E
245 0 _aHOMOSEXUALITY
942 _cBK
999 _c158315
_d158315